{"text_format":"3","workbook":"xlsx","n_sheets":5,"sheets":["表-04 单位工程招标控制价汇总表","表-08 分部分项工程和单价措施项目清单与计价表","表-11 总价措施项目清单与计价表","表-12 其他项目清单与计价汇总表","表-13 规费、税金项目清单与计价表"],"read":"whole","date_system":"1900"}

{"sheet":"表-04 单位工程招标控制价汇总表","index":0,"n_rows":38,"n_cols":6,"rows_kept":38,"merged":[[0,0,0,5],[1,0,1,2],[1,4,1,5],[2,2,2,4],[3,2,3,4],[4,2,4,4],[5,2,5,4],[6,2,6,4],[7,2,7,4],[8,2,8,4],[9,2,9,4],[10,2,10,4],[11,2,11,4],[12,2,12,4],[13,2,13,4],[14,2,14,4],[15,2,15,4],[16,2,16,4],[17,2,17,4],[18,2,18,4],[19,2,19,4],[20,2,20,4],[21,2,21,4],[22,2,22,4],[23,2,23,4],[24,2,24,4],[25,2,25,4],[26,2,26,4],[27,2,27,4],[28,2,28,4],[29,2,29,4],[30,2,30,4],[31,2,31,4],[32,2,32,4],[33,2,33,4],[34,2,34,4],[35,0,35,1],[35,2,35,4],[36,0,36,5],[37,0,37,2],[37,4,37,5]]}
["单位工程招标控制价汇总表"]
["工程名称：南村镇坑头小学围墙改造工程",null,null,"标段：","第 1 页  共 1 页"]
["序号","汇总内容","金额:(元)",null,null,"其中：暂估价(元)"]
["1","分部分项合计","197269.68"]
["2","措施合计","10159.38"]
["2.1","绿色施工安全防护措施费","10159.38"]
["2.2","其他措施费"]
["3","其他项目","3002.76",null,null,"－"]
["3.1","暂列金额"]
["3.2","暂估价"]
["3.3","计日工"]
["3.4","总承包服务费"]
["3.5","预算包干费","3002.76"]
["3.6","工程优质费"]
["3.7","概算幅度差"]
["3.8","索赔费用"]
["3.9","现场签证费用"]
["3.10","其他费用"]
["4","税前工程造价","210431.82"]
["5","增值税销项税额","18938.86",null,null,"－"]
["6","总造价","229370.68"]
["7","人工费","34928.95"]
{"$rows_empty":13}
["招标控制价合计=1+2+3+4+5",null,"229,370.68",null,null,"0.00"]
["注：本表适用于单位工程招标控制价或投标报价的汇总，如无单位工程划分，单项工程也使用本表汇总"]
[{"$nulls":4},"表—04"]

{"sheet":"表-08 分部分项工程和单价措施项目清单与计价表","index":1,"n_rows":29,"n_cols":24,"rows_kept":29,"merged":[[0,0,0,10],[1,0,1,3],[1,4,1,7],[1,8,1,10],[2,0,4,0],[2,1,4,1],[2,2,4,2],[2,3,4,4],[2,5,4,5],[2,6,4,6],[2,7,2,10],[3,7,4,8],[3,9,4,9],[5,3,5,4],[5,7,5,8],[5,18,5,19],[5,21,5,22],[6,3,6,4],[6,7,6,8],[6,18,6,19],[6,21,6,22],[7,3,7,4],[7,7,7,8],[7,18,7,19],[7,21,7,22],[8,3,8,4],[8,7,8,8],[8,18,8,19],[8,21,8,22],[9,3,9,4],[9,7,9,8],[9,18,9,19],[9,21,9,22],[10,3,10,4],[10,7,10,8],[10,18,10,19],[10,21,10,22],[11,3,11,4],[11,7,11,8],[11,18,11,19],[11,21,11,22],[12,3,12,4],[12,7,12,8],[12,18,12,19],[12,21,12,22],[13,3,13,4],[13,7,13,8],[13,18,13,19],[13,21,13,22],[14,3,14,4],[14,7,14,8],[14,18,14,19],[14,21,14,22],[15,3,15,4],[15,7,15,8],[15,18,15,19],[15,21,15,22],[16,3,16,4],[16,7,16,8],[17,3,17,4],[17,7,17,8],[18,3,18,4],[18,7,18,8],[19,3,19,4],[19,7,19,8],[20,3,20,4],[20,7,20,8],[21,3,21,4],[21,7,21,8],[22,3,22,4],[22,7,22,8],[23,3,23,4],[23,7,23,8],[24,3,24,4],[24,7,24,8],[25,0,25,8],[26,0,26,8],[27,0,27,10],[28,0,28,3],[28,4,28,7],[28,8,28,10]]}
["分部分项工程和单价措施项目清单与计价表"]
["工程名称：南村镇坑头小学围墙改造工程",{"$nulls":3},"标段：",{"$nulls":3},"第 1 页  共 1 页"]
["序号","项目编码","项目名称","项目特征描述",null,"计量单位","工程量","金额（元）"]
[{"$nulls":7},"综合单价",null,"综合合价","其中"]
[{"$nulls":10},"暂估价"]
[null,null,"整个项目",{"$nulls":6},197269.68,{"$nulls":6},"整个项目"]
[1,"011609001001","栏杆、栏板拆除","1.拆除栏杆",null,"m",212.13,28.56,null,6058.43,null,{"$f":"+G7-U7","v":-39.5},{"$f":"+H7-V7","v":0},null,1,"011609001001","栏杆、栏板拆除","1.拆除栏杆","m",null,"251.63",28.56,null,7186.55]
[2,"010103002001","余方弃置","1.废弃料品种:拆除废料\n2.运距:15KM",null,"m3",4.73,111.95,null,529.52,null,{"$f":"+G8-U8","v":-3.23},{"$f":"+H8-V8","v":-10.68},null,2,"010103002001","余方弃置","1.废弃料品种:拆除废料\n2.运距:15KM","m3",null,"7.96",122.63,null,976.13]
[3,"011503001007","金属扶手、栏杆、栏板","1.部位:A、B、C、D段围墙\n2.材质:1.0厚25不锈钢304圆管\n3.高度:950",null,"m",256.7,264.14,null,67804.74,null,0,-10.01,null,3,"011503001007","金属扶手、栏杆、栏板","1.部位:A、B、C、D段围墙\n2.材质:1.0厚25不锈钢304圆管\n3.高度:950","m",null,"256.7",274.15,null,70374.31]
[4,"011503001009","金属扶手、栏杆、栏板","1.部位:E段围墙\n2.材质:12圆钢铁艺栏杆;1.5厚50X30不锈钢，矩形钢管\n3.高度:1000-2100",null,"m",80.5,201.45,null,16216.73,null,0,-5.12,null,4,"011503001009","金属扶手、栏杆、栏板","1.部位:E段围墙\n2.材质:12圆钢铁艺栏杆;1.5厚50X30不锈钢，矩形钢管\n3.高度:1000-2100","m",null,"80.5",206.57,null,16628.89]
[5,"011503001008","金属扶手、栏杆、栏板","1.部位:F、G段围墙\n2.材质:12圆钢铁艺栏杆;1.5厚50X30不锈钢，矩形钢2\n3.高度:2100",null,"m",382,233.92,null,89357.44,null,0,-10.73,null,5,"011503001008","金属扶手、栏杆、栏板","1.部位:F、G段围墙\n2.材质:12圆钢铁艺栏杆;1.5厚50X30不锈钢，矩形钢2\n3.高度:2100","m",null,"382",244.65,null,93456.3]
[6,"010516002001","预埋铁件","1.10厚50宽扁钢刷防锈漆（通长）",null,"t",1.818,9517.5,null,17302.82,null,0.00300000000000011,-0.510000000000218,null,6,"010516002001","预埋铁件","1.10厚50宽扁钢刷防锈漆（通长）","t",null,"1.815",9518.01,null,17275.19]
[null,null,"措施项目",{"$nulls":6},2009.04,null,0,0,{"$nulls":3},"分部分项合计",{"$nulls":6},205897.37]
[7,"粤011701012001","活动脚手架","1.墙柱面活动脚手架",null,"m2",930.11,2.16,null,2009.04,null,{"$f":"+G14-U15","v":94.36},{"$f":"+H14-V15","v":0},{"$nulls":3},"措施项目"]
[{"$nulls":14},7,"粤011701012001","活动脚手架","1.墙柱面活动脚手架","m2",null,"835.75",2.16,null,1805.22]
[{"$nulls":11},{"$f":"+G11+G10+G9","v":719.2},{"$nulls":4},"单价措施合计",{"$nulls":6},1805.22]
{"$rows_empty":9}
["本页小计",{"$nulls":8},199278.72]
["合   计",{"$nulls":8},199278.72]
["注：为计取规费等的使用，可在表中增设其中：“定额人工费”。"]
[{"$nulls":8},"表—08"]

{"sheet":"表-11 总价措施项目清单与计价表","index":2,"n_rows":19,"n_cols":11,"rows_kept":19,"merged":[[0,0,0,10],[1,0,1,5],[1,6,1,7],[1,8,1,10],[2,5,2,6],[2,7,2,8],[3,5,3,6],[3,7,3,8],[4,5,4,6],[4,7,4,8],[5,5,5,6],[5,7,5,8],[6,5,6,6],[6,7,6,8],[7,5,7,6],[7,7,7,8],[8,5,8,6],[8,7,8,8],[9,5,9,6],[9,7,9,8],[10,5,10,6],[10,7,10,8],[11,5,11,6],[11,7,11,8],[12,5,12,6],[12,7,12,8],[13,5,13,6],[13,7,13,8],[14,5,14,6],[14,7,14,8],[15,5,15,6],[15,7,15,8],[16,0,16,4],[16,5,16,6],[16,7,16,8],[17,0,17,5],[17,6,17,10],[18,0,18,5],[18,6,18,7],[18,8,18,10]]}
["总价措施项目清单与计价表"]
["工程名称：南村镇坑头小学围墙改造工程",{"$nulls":5},"标段：",null,"第 1 页  共 1 页"]
["序号","项目编码","项目名称","计算基础","费率\n(%)","金额\n(元)",null,"调整\n费率(%)",null,"调整后\n金额(元)","备注"]
["1","LSSGCSF00001","绿色施工安全防护措施费","分部分项人工费+分部分项机具费","19",8150.34,{"$nulls":4},"以分部分项的人工费与施工机具费之和为计算基础，费率19%"]
["2","WMGDZJF00001","文明工地增加费","分部分项人工费+分部分项机具费","0",{"$nulls":5},"以分部分项的人工费与施工机具费之和为计算基础，市级文明工地为1.20%；省级文明工地为2.10%"]
["3","011707002001","夜间施工增加费",null,"20",{"$nulls":5},"以夜间施工项目人工费的20%计算"]
["4","GGCSF0000001","赶工措施费","分部分项人工费+分部分项机具费","0",{"$nulls":5},"赶工措施费=（1-δ）*分部分项的（人工费+施工机具费）*0.3 （0.8≤δ＜1   式中：δ=合同工期/定额工期）"]
["5","QTFY00000001","其他费用",{"$nulls":7},"按经批准的专项施工组织方案计算"]
{"$rows_empty":8}
["合    计",{"$nulls":4},8150.34]
["编制人（造价人员）：",{"$nulls":5},"复核人（造价工程师）："]
[{"$nulls":8},"表-11"]

{"sheet":"表-12 其他项目清单与计价汇总表","index":3,"n_rows":38,"n_cols":7,"rows_kept":38,"merged":[[0,0,0,4],[0,5,0,6],[1,0,1,6],[2,0,2,2],[2,3,2,4],[2,5,2,6],[3,2,3,3],[3,4,3,5],[4,2,4,3],[4,4,4,5],[5,2,5,3],[5,4,5,5],[6,2,6,3],[6,4,6,5],[7,2,7,3],[7,4,7,5],[8,2,8,3],[8,4,8,5],[9,2,9,3],[9,4,9,5],[10,2,10,3],[10,4,10,5],[11,2,11,3],[11,4,11,5],[12,2,12,3],[12,4,12,5],[13,2,13,3],[13,4,13,5],[14,2,14,3],[14,4,14,5],[15,2,15,3],[15,4,15,5],[16,2,16,3],[16,4,16,5],[17,2,17,3],[17,4,17,5],[18,2,18,3],[18,4,18,5],[19,2,19,3],[19,4,19,5],[20,2,20,3],[20,4,20,5],[21,2,21,3],[21,4,21,5],[22,2,22,3],[22,4,22,5],[23,2,23,3],[23,4,23,5],[24,2,24,3],[24,4,24,5],[25,2,25,3],[25,4,25,5],[26,2,26,3],[26,4,26,5],[27,2,27,3],[27,4,27,5],[28,2,28,3],[28,4,28,5],[29,2,29,3],[29,4,29,5],[30,2,30,3],[30,4,30,5],[31,2,31,3],[31,4,31,5],[32,2,32,3],[32,4,32,5],[33,2,33,3],[33,4,33,5],[34,2,34,3],[34,4,34,5],[35,2,35,3],[35,4,35,5],[36,0,36,6],[37,0,37,2],[37,3,37,4],[37,5,37,6]]}
[]
["其他项目清单与计价汇总表"]
["工程名称：南村镇坑头小学围墙改造工程",null,null,"标段：",null,"第 1 页  共 1 页"]
["序号","项目名称","金额（元）",null,"结算金额（元）",null,"备注"]
["1","暂列金额",{"$nulls":4},"明细详见表-12-1"]
["2","暂估价"]
["2.1","材料暂估价","—",{"$nulls":3},"明细详见表-12-2"]
["2.2","专业工程暂估价",{"$nulls":4},"明细详见表-12-3"]
["3","计日工",{"$nulls":4},"明细详见表-12-4"]
["4","总承包服务费",{"$nulls":4},"明细详见表-12-5"]
["5","预算包干费","3002.76"]
["6","工程优质费"]
["7","概算幅度差"]
["8","现场签证费用"]
["9","索赔费用"]
["10","其他费用"]
{"$rows_empty":19}
[null,"合  计","3002.76",{"$nulls":3},"—"]
["注：材料（工程设备）暂估单价进入清单项目综合单价，此处不汇总。"]
[{"$nulls":5},"表—12"]

{"sheet":"表-13 规费、税金项目清单与计价表","index":4,"n_rows":37,"n_cols":8,"rows_kept":37,"merged":[[0,0,0,7],[1,0,1,2],[1,3,1,5],[1,6,1,7],[2,2,2,3],[2,5,2,6],[3,2,3,3],[3,5,3,6],[4,2,4,3],[4,5,4,6],[5,2,5,3],[5,5,5,6],[6,2,6,3],[6,5,6,6],[7,2,7,3],[7,5,7,6],[8,2,8,3],[8,5,8,6],[9,2,9,3],[9,5,9,6],[10,2,10,3],[10,5,10,6],[11,2,11,3],[11,5,11,6],[12,2,12,3],[12,5,12,6],[13,2,13,3],[13,5,13,6],[14,2,14,3],[14,5,14,6],[15,2,15,3],[15,5,15,6],[16,2,16,3],[16,5,16,6],[17,2,17,3],[17,5,17,6],[18,2,18,3],[18,5,18,6],[19,2,19,3],[19,5,19,6],[20,2,20,3],[20,5,20,6],[21,2,21,3],[21,5,21,6],[22,2,22,3],[22,5,22,6],[23,2,23,3],[23,5,23,6],[24,2,24,3],[24,5,24,6],[25,2,25,3],[25,5,25,6],[26,2,26,3],[26,5,26,6],[27,2,27,3],[27,5,27,6],[28,2,28,3],[28,5,28,6],[29,2,29,3],[29,5,29,6],[30,2,30,3],[30,5,30,6],[31,2,31,3],[31,5,31,6],[32,2,32,3],[32,5,32,6],[33,2,33,3],[33,5,33,6],[34,0,34,6],[35,0,35,2],[35,3,35,7],[36,0,36,2],[36,3,36,5],[36,6,36,7]]}
["规费、税金项目清单与计价表"]
["工程名称：南村镇坑头小学围墙改造工程",null,null,"标段：",null,null,"第 1 页  共 1 页"]
["序号","项目名称","计算基础",null,"计算基数","计算费率\n(%)",null,"金额(元)"]
["1","增值税销项税额","分部分项合计+措施合计+其他项目",null,210431.82,"9",null,18938.86]
{"$rows_empty":30}
["合    计",{"$nulls":6},18938.86]
[" 编制人（造价人员）：",null,null,"复核人（造价工程师）："]
[{"$nulls":6},"表—13"]